| 000 | 00568nam a22002177a 4500 | ||
|---|---|---|---|
| 999 |
_c4090 _d4090 |
||
| 001 | 4090 | ||
| 003 | BD-JhCC | ||
| 005 | 20171122194520.0 | ||
| 008 | 171122s1963 -ukac||| |||| 000 0 eng d | ||
| 035 | _a(BD-JhCC)4090 | ||
| 040 |
_aBD-JhCC _dBD-JhCC |
||
| 041 | _aeng | ||
| 082 |
_a823.914 _bFRE 1963 |
||
| 100 | _aFremont, Isabelle | ||
| 245 |
_aCinderella The Fish In The Sea / _cIsabelle Fremont |
||
| 260 |
_aLondon : _bOxford University Press , _c1963 . |
||
| 300 |
_a28 p. : _bill. ; _c20 cm. |
||
| 650 | _aEnglish Stories | ||
| 942 |
_2ddc _cBK |
||